LEADER 00883nam0-22003011i-450- 001 990006867270403321 005 20001010 035 $a000686727 035 $aFED01000686727 035 $a(Aleph)000686727FED01 035 $a000686727 100 $a20001010d--------km-y0itay50------ba 101 0 $aita 105 $ay-------001yy 200 1 $a<>civiltà africana$eintroduzione a una storia culturale dell'Africa$fBasil Davidson$gtraduzione di Laura Felici. 210 $aTorino$cEinaudi$d1997. 215 $aXVI, 334 p.$d21 cm 225 1 $aEinaudi tascabili$iSaggi$v472 676 $a960 700 1$aDavidson,$bBasil$f<1914-2010>$0136838 801 0$aIT$bUNINA$gRICA$2UNIMARC 901 $aBK 912 $a990006867270403321 952 $aCOLLEZ. 1628 (472)$b32647$fFSPBC 959 $aFSPBC 996 $aCivilta' africana$9489822 997 $aUNINA DB $aGEN01 LEADER 01627nas 2200481 c 450 001 9910892426903321 005 20260218111927.0 024 7 $aurn:nbn:de:hbz:6:2-1999405 035 $a(DE-599)ZDB3109326-7 035 $a(OCoLC)1366462272 035 $a(DE-101)1251423191 035 $a(CKB)5680000000476308 035 $a(DE-599)3109326-7 035 $a(EXLCZ)995680000000476308 100 $a20220209a20069999 |y | 101 0 $ager 135 $aur||||||||||| 181 $ctxt$2rdacontent 182 $cc$2rdamedia 183 $acr$2rdacarrier 200 10$aKirchliches Amtsblatt fu?r die Erzdio?zese Paderborn$fherausgegeben und verlegt vom Erzbischo?flichen Generalvikariat in Paderborn 210 31$aPaderborn$cErzbischo?fliches Generalvikariat$d[2006]- 215 $aOnline-Ressource 300 $aGesehen am 09.02.2022 300 $aFortsetzung der Druck-Ausgabe 311 08$a2510-893X 606 $aKirchenrecht$3(DE-588)4030746-3$3https://d-nb.info/gnd/4030746-3$3(DE-101)040307468$9rswk-swf$2gnd 606 $aKirchenverwaltung$3(DE-588)4133860-1$3https://d-nb.info/gnd/4133860-1$3(DE-101)04133860X$9rswk-swf$2gnd 608 $aZeitschrift$2gnd-content 615 7$aKirchenrecht. 615 7$aKirchenverwaltung. 676 $a230 676 $a340 686 $aErzbistum Paderborn$2nwbib 686 $aKirchenrecht$2nwbib 686 $aKirchenverwaltung$2nwbib 801 0$b0021 801 1$bDE-101 801 2$b9999 906 $aJOURNAL 912 $a9910892426903321 996 $aKirchliches Amtsblatt fu?r die Erzdio?zese Paderborn$94440523 997 $aUNINA